000
00217 a2200097 4500
001
32800
100
_a
Levy, H
245
_a
Elementary mathematics
260
_a
London
_b
Thomas Nelson & Son
_c
090
_c
21968
_d
21968
942
_a
NUST-CAE
_c
M
_c
13300
999
_c
267873
_d
267873